| 000 | 00685nam a22002052a 4500 | ||
|---|---|---|---|
| 999 |
_c23289 _d23289 |
||
| 001 | 000063828 | ||
| 005 | 20220823091117.0 | ||
| 008 | 010907s1992 xr f cze d | ||
| 020 | _z80-85-385-13-19 | ||
| 040 |
_aBOA001 _bcze _csk |
||
| 080 |
_a159.961 _2MRF |
||
| 100 | 1 |
_aKafka, Břetislav, _d1891-1967 _93266 |
|
| 245 | 1 | 0 |
_aParapsychologie / _cBřetislav Kafka |
| 250 | _a1. vyd. | ||
| 260 |
_aPraha : _bRoad, _c1992 |
||
| 300 | _a314 s., il. na příl. | ||
| 490 | 1 | _aPsyché | |
| 500 | _aDostupné též v digitální podobě v aplikaci Kramerius | ||
| 856 | 4 | 1 |
_uhttp://www.digitalniknihovna.cz/mzk/uuid/uuid:a5139780-4b11-11e5-8851-005056827e51 _yDigitalizovaný dokument |